Código de Procedimiento Civil: edición oficial, aprobada por Decreto N§803, de 13 de agosto de 1996, del Ministerio de Justicia
Saved in:
| Format: | Bog |
|---|---|
| Sprog: | spansk |
| Udgivet: |
Santiago
Jurídica de Chile
1998
|
| Udgivelse: | 14a. ed |
| Fag: | |
| Tags: |
Tilføj Tag
Ingen Tags, Vær først til at tagge denne postø!
|
MARC
| LEADER | 00000nam a2200000 a 4500 | ||
|---|---|---|---|
| 001 | UCI9487 | ||
| 003 | CL-VaPUC | ||
| 008 | 081120e19980800CL |||||||||||||||||spa|d | ||
| 020 | |a 9561011492 | ||
| 082 | 0 | 4 | |a 347.83 |b COD |2 21 |
| 245 | 1 | 0 | |a Código de Procedimiento Civil: edición oficial, aprobada por Decreto N§803, de 13 de agosto de 1996, del Ministerio de Justicia |
| 250 | |a 14a. ed | ||
| 300 | |a 390 p | ||
| 942 | |c BK | ||
| 945 | |d 20081120 00:00:00 |a cmena | ||
| 260 | |a Santiago |b Jurídica de Chile |c 1998 | ||
| 500 | |a Apéndice actualizado a junio de 1998 | ||
| 650 | 0 | |a Código civil chileno |9 255931 | |
| 650 | 0 | |a Procedimiento civil |9 254870 | |
| 650 | 7 | |a JUICIO ORDINARIO |2 CL-VaPUC |9 254867 | |
| 650 | 7 | |a JUICIOS ESPECIALES |2 CL-VaPUC |9 348378 | |
| 651 | 7 | |a CHILE |2 CL-VaPUC |9 533266 | |
| 583 | |a last modification |c 20081120 00:00:00 |k Rodrigo Vera | ||
| 999 | |c 332011 |d 332009 | ||
| 952 | |0 0 |1 0 |2 ddc |4 0 |6 347_830000000000000_COD_1998 |7 0 |8 FOND_LRYV |9 419336 |a BIBDER |b BIBDER |d 2019-11-22 |i 3461033 |o 347.83 COD 1998 |p 3461033 |r 2023-01-25 |w 2019-11-22 |y BK_X |k DER | ||
| 952 | |0 0 |1 0 |2 ddc |4 0 |6 347_830000000000000_COD_1998 |7 0 |8 FOND_LRYV |9 419337 |a BIBDER |b BIBDER |d 2019-11-22 |i 346105K |o 347.83 COD 1998 |p 346105K |r 2023-01-25 |w 2019-11-22 |y BK_X |k DER | ||